000 00803cam a22002292 4500
001 0000000792
005 20151217151757.0
008 070220s xx 000 0 eng d
020 _cKES 450
040 _aKABU
_cKABU
050 0 _aBX4827
_b.B57R39 1999
245 1 0 _aReflections on Bonhoeffer :
_bessys in honor of F. Burton Nelson /
_cedited by Geffrey B. Kelly and C. John Weborg.
260 _aChicago, Illinois :
_bCovnenant Publication.,
_c1999.
300 _axxiii 357 p. ;
_c22 cm.
600 1 0 _aBonhoeffer, Dietrich,
_d1906-1945.
_@0000112163
600 1 0 _aNelson, F. Burton
_xBiography.
_@0000159982
700 1 _aKelly, Geffrey B.
_@0000159983
700 1 _aWeborg, C. John.
_@0000159984
908 _a070220
950 _@1
999 _c4916
_d4916